[Event "Cornella de Llobregat op 8th"]
[Site "Cornella de Llobregat"]
[Date "2022.10.24"]
[Round "5"]
[White "Oliver Martinez Fornes, Carlos"]
[Black "Saiz Rodrigo, Josep Fernando"]
[Result "1/2-1/2"]
[WhiteElo "2045"]
[BlackElo "1816"]
[PlyCount "75"]
[EventDate "2022.09.26"]
[EventType "swiss"]
[EventRounds "9"]
[EventCountry "ESP"]
[SourceTitle "EXT 2024"]
[Source "ChessBase"]
[SourceDate "2023.10.10"]
[SourceVersion "1"]
[SourceVersionDate "2023.10.10"]
[SourceQuality "1"]

1. d4 Nf6 2. c4 c5 3. d5 b5 4. cxb5 a6 5. bxa6 g6 6. Nc3 Bxa6 7. e4 Bxf1 8. Kxf1 d6 9. g3 Nbd7 10. Nf3 Ng4 11. Qe2 Bg7 12. Nd2 Ngf6 13. Kg2 0-0 14. a4 Ne8 15. Ra3 Nc7 16. Nc4 Na6 17. Bf4 Nb6 18. Nxb6 Qxb6 19. Nb5 Nc7 20. Nxc7 Qxc7 21. Rb1 Rfb8 22. Bd2 c4 23. Bc3 Bxc3 24. Rxc3 Rxa4 25. Rbc1 Qb6 26. R1c2 Rb4 27. Rxc4 Rxb2 28. Qd2 Rxc2 29. Qxc2 Qb2 30. Qxb2 Rxb2 31. Rc7 Kf8 32. g4 f5 33. gxf5 gxf5 34. Rc4 Rd2 35. exf5 Rxd5 36. Rh4 Kg7 37. Rg4+ Kf6 38. Rh4 1/2-1/2

[Event "Barcelona La Lira op 35th"]
[Site "Barcelona"]
[Date "2017.03.03"]
[Round "7"]
[White "Garcia Riera, Josep"]
[Black "Saiz Rodrigo, Josep Fernando"]
[Result "1-0"]
[WhiteElo "1949"]
[BlackElo "1863"]
[PlyCount "47"]
[EventDate "2017.01.20"]
[EventType "swiss"]
[EventRounds "8"]
[EventCountry "ESP"]
[SourceTitle "EXT 2018"]
[Source "ChessBase"]
[SourceDate "2017.10.13"]
[SourceVersion "1"]
[SourceVersionDate "2017.10.13"]
[SourceQuality "1"]

1. d4 c5 2. d5 Nf6 3. Nc3 d6 4. e4 g6 5. Nf3 Bg7 6. Be2 0-0 7. 0-0 a6 8. a4 Bg4 9. Nd2 Bxe2 10. Qxe2 Nbd7 11. Nc4 Nb6 12. Nxb6 Qxb6 13. a5 Qc7 14. Be3 Nd7 15. f4 f5 16. exf5 Rxf5 17. g4 Rf7 18. Bd2 Bd4+ 19. Kh1 Nf6 20. g5 Qd7 21. Qe6 Qxe6 22. dxe6 Rff8 23. gxf6 Rxf6 24. Nd5 1-0

[Event "Barcelona La Lira op 35th"]
[Site "Barcelona"]
[Date "2017.02.17"]
[Round "5"]
[White "Puertas Manzano, Jose Luis"]
[Black "Saiz Rodrigo, Josep Fernando"]
[Result "1-0"]
[WhiteElo "2220"]
[BlackElo "1863"]
[PlyCount "119"]
[EventDate "2017.01.20"]
[EventType "swiss"]
[EventRounds "8"]
[EventCountry "ESP"]
[SourceTitle "EXT 2018"]
[Source "ChessBase"]
[SourceDate "2017.10.13"]
[SourceVersion "1"]
[SourceVersionDate "2017.10.13"]
[SourceQuality "1"]

1. d4 c5 2. d5 Nf6 3. c4 e6 4. Nc3 exd5 5. cxd5 d6 6. Nf3 Be7 7. e4 Bg4 8. Be2 Nbd7 9. 0-0 Bxf3 10. Bxf3 0-0 11. Be3 a6 12. a4 Rb8 13. Be2 b5 14. axb5 axb5 15. Nxb5 Nxe4 16. Qc2 Nef6 17. Na7 Qb6 18. Nc6 Nxd5 19. Nxb8 Rxb8 20. Bc1 Nb4 21. Qe4 Bf6 22. Ra8 d5 23. Rxb8+ Qxb8 24. Qf5 Qb7 25. Bg4 Ne5 26. Re1 Qe7 27. Bd2 Nbd3 28. f4 Nxe1 29. fxe5 Bxe5 30. Qc8+ Qf8 31. Qxf8+ Kxf8 32. Bxe1 Bxb2 33. Bf3 d4 34. Bd5 Ke7 35. Bc4 f6 36. Kf1 Kd6 37. Bg3+ Kc6 38. Ke2 Bc1 39. Kd3 f5 40. Be6 f4 41. Be1 Kd6 42. Bg8 h6 43. Bd2 Bb2 44. Bxf4+ Ke7 45. Kc4 Ba3 46. Bh7 Bb4 47. Be4 Ke6 48. Bc7 Ba3 49. Bb6 Kd6 50. Bg6 Bb4 51. Ba7 Ba3 52. Bb8+ Ke6 53. Be4 g5 54. g4 Bb4 55. Bf5+ Ke7 56. Kd5 Kf6 57. Bd6 h5 58. h3 hxg4 59. hxg4 Ba3 60. Bxc5 1-0

[Event "Barcelona Sant Marti op-A 18th"]
[Site "Barcelona"]
[Date "2016.07.13"]
[Round "1"]
[White "Sanchez Jerez, Emilio Miguel"]
[Black "Saiz Rodrigo, Josep Fernando"]
[Result "1-0"]
[WhiteElo "2201"]
[BlackElo "1873"]
[PlyCount "73"]
[EventDate "2016.07.13"]
[EventType "swiss"]
[EventRounds "9"]
[EventCountry "ESP"]
[SourceTitle "CBM 173 Extra"]
[Source "ChessBase"]
[SourceDate "2016.08.29"]
[SourceVersion "1"]
[SourceVersionDate "2016.08.29"]
[SourceQuality "1"]

1. e4 c5 2. Nf3 d6 3. d4 cxd4 4. Nxd4 Nf6 5. Nc3 a6 6. g3 e5 7. Nde2 h5 8. h3 b5 9. Bg2 Bb7 10. 0-0 b4 11. Nd5 Nxd5 12. exd5 Be7 13. a3 bxa3 14. Rxa3 0-0 15. c4 Nd7 16. b4 Bg5 17. f4 exf4 18. gxf4 Bf6 19. Be3 Rc8 20. Qd3 Re8 21. Nd4 Nb6 22. Rc3 Nxc4 23. Bf2 Nb6 24. Nc6 Qc7 25. Rcc1 Bb2 26. Rc2 Na4 27. Qb3 Nc3 28. Qxb2 Ne4 29. Bd4 f5 30. Bxe4 Rxe4 31. Rg2 Kh7 32. Rxg7+ Qxg7+ 33. Bxg7 Rg8 34. Kh1 Rxg7 35. Qf6 Re2 36. Qxf5+ Kh6 37. Rg1 1-0

[Event "Barcelona Tres Peons 8th"]
[Site "Barcelona"]
[Date "2016.03.02"]
[Round "8.8"]
[White "Bielecki, Pawel"]
[Black "Saiz Rodrigo, Josep Fernando"]
[Result "1-0"]
[WhiteElo "1970"]
[BlackElo "1857"]
[PlyCount "46"]
[EventDate "2016.01.13"]
[EventType "swiss"]
[EventRounds "9"]
[EventCountry "ESP"]
[SourceTitle "EXT 2024"]
[Source "ChessBase"]
[SourceDate "2023.10.10"]
[SourceVersion "1"]
[SourceVersionDate "2023.10.10"]
[SourceQuality "1"]

1. e4 c5 2. Nf3 d6 3. d4 cxd4 4. Nxd4 Nf6 5. Nc3 a6 6. Bc4 e6 7. Bb3 b5 8. 0-0 Be7 9. Qf3 Qc7 10. Qg3 0-0 11. Bh6 Ne8 12. Rad1 Bd7 13. f4 Nc6 14. Nxc6 Qxc6 15. f5 Kh8 16. Bc1 b4 17. Nb1 Nf6 18. fxe6 Nxe4 19. Qh3 fxe6 20. Bxe6 Ng5 21. Bxg5 Bxg5 22. Bf5 h6 23. Nd2 Rae8 1-0

[Event "Barcelona Tres Peons 8th"]
[Site "Barcelona"]
[Date "2016.01.27"]
[Round "3.7"]
[White "Van Keulen, Onno"]
[Black "Saiz Rodrigo, Josep Fernando"]
[Result "1-0"]
[WhiteElo "1954"]
[BlackElo "1857"]
[PlyCount "91"]
[EventDate "2016.01.13"]
[EventType "swiss"]
[EventRounds "9"]
[EventCountry "ESP"]
[SourceTitle "EXT 2024"]
[Source "ChessBase"]
[SourceDate "2023.10.10"]
[SourceVersion "1"]
[SourceVersionDate "2023.10.10"]
[SourceQuality "1"]

1. Nf3 Nf6 2. c4 b6 3. g3 Bb7 4. Bg2 g6 5. 0-0 Bg7 6. d4 0-0 7. Nc3 d6 8. Re1 e6 9. e4 Nfd7 10. Be3 h6 11. Qd2 Kh7 12. Rad1 Qe7 13. Re2 a6 14. Ne1 Nc6 15. Nc2 Nf6 16. h3 e5 17. Nd5 Nxd5 18. cxd5 exd4 19. Nxd4 Nxd4 20. Bxd4 Bxd4 21. Qxd4 f5 22. e5 dxe5 23. Rxe5 Qf7 24. Rde1 Rae8 25. d6 Rxe5 26. Rxe5 cxd6 27. Qxd6 Qg7 28. Bxb7 Rf7 29. Bd5 Rd7 30. Qe6 Rc7 31. b3 h5 32. h4 Kh6 33. Re1 b5 34. Qe3+ Kh7 35. Qg5 a5 36. Bf3 a4 37. bxa4 bxa4 38. Bxh5 f4 39. Bf3 fxg3 40. Qxg3 Qc3 41. Re3 Qc4 42. Be4 Kh8 43. Bxg6 Qc1+ 44. Kh2 Rc8 45. Qe5+ Kg8 46. Qe6+ 1-0

[Event "Cornella de Llobregat Vallve Pinol 3rd"]
[Site "Cornella de Llobregat"]
[Date "2015.11.23"]
[Round "9.3"]
[White "Saiz Rodrigo, Josep Fernando"]
[Black "Escandell Mari, Juan Carlos"]
[Result "1/2-1/2"]
[WhiteElo "2042"]
[BlackElo "2388"]
[PlyCount "46"]
[EventDate "2015.09.21"]
[EventType "swiss"]
[EventRounds "9"]
[EventCountry "ESP"]
[SourceTitle "EXT 2024"]
[Source "ChessBase"]
[SourceDate "2023.10.10"]
[SourceVersion "1"]
[SourceVersionDate "2023.10.10"]
[SourceQuality "1"]

1. e4 c5 2. Nc3 Nc6 3. g3 g6 4. Bg2 Bg7 5. d3 d6 6. Be3 Rb8 7. Qd2 b5 8. Nge2 Nd4 9. 0-0 e6 10. Nc1 Ne7 11. Nd1 b4 12. c3 bxc3 13. bxc3 Ndc6 14. Bh6 0-0 15. Bxg7 Kxg7 16. Ne3 Ba6 17. f4 f5 18. exf5 gxf5 19. g4 fxg4 20. Nxg4 h5 21. Ne3 d5 22. Nb3 Qd6 23. Rf2 d4 1/2-1/2

[Event "Barcelona Sant Marti op-A 17th"]
[Site "Barcelona"]
[Date "2015.07.14"]
[Round "2"]
[White "Saiz Rodrigo, Josep Fernando"]
[Black "Perez Pastora, Evaristo"]
[Result "1/2-1/2"]
[WhiteElo "1937"]
[BlackElo "2158"]
[PlyCount "111"]
[EventDate "2015.07.13"]
[EventType "swiss"]
[EventRounds "9"]
[EventCountry "ESP"]
[SourceTitle "CBM 167 Extra"]
[Source "ChessBase"]
[SourceDate "2015.09.14"]
[SourceVersion "1"]
[SourceVersionDate "2015.09.14"]
[SourceQuality "1"]

1. e4 e6 2. Nf3 c5 3. Nc3 Nc6 4. Bb5 Nge7 5. d3 a6 6. Ba4 d5 7. a3 d4 8. Ne2 Qa5+ 9. c3 b5 10. Bc2 dxc3 11. bxc3 Ng6 12. 0-0 Be7 13. Bb2 0-0 14. Qd2 Rd8 15. Qe3 Bb7 16. Ng5 h6 17. Nh3 Qc7 18. f4 Rf8 19. Rac1 Rad8 20. d4 Na5 21. Bd3 Nc4 22. Bxc4 bxc4 23. f5 exf5 24. Rxf5 Bc8 25. Rff1 Bxh3 26. Qxh3 Qb7 27. Rb1 Qxe4 28. Ng3 Qe3+ 29. Kh1 Bg5 30. Bc1 Qxc3 31. Bxg5 hxg5 32. dxc5 Nf4 33. Qg4 Rd2 34. Ne4 f5 35. Qxg5 fxe4 36. Rxf4 Rfd8 37. h3 R2d5 38. Qe7 Qg3 39. Qe6+ Kh8 40. Qxe4 Rh5 41. Rbf1 Rg8 42. Rf8 Rg5 43. Rxg8+ Kxg8 44. Qxc4+ Kh7 45. Qe4+ Kh6 46. Rf8 Re5 47. Rh8+ Kg5 48. h4+ Kf6 49. Qc6+ Kf5 50. Rh5+ Kf4 51. Rxe5 Qxh4+ 52. Kg1 Kxe5 53. Qd6+ Kf5 54. c6 Qe1+ 55. Kh2 Qh4+ 56. Kg1 1/2-1/2

[Event "Barcelona Sant Marti op-A 17th"]
[Site "Barcelona"]
[Date "2015.07.13"]
[Round "1"]
[White "Ramirez Garcia, Jorge Alberto"]
[Black "Saiz Rodrigo, Josep Fernando"]
[Result "1-0"]
[WhiteElo "2312"]
[BlackElo "1937"]
[PlyCount "75"]
[EventDate "2015.07.13"]
[EventType "swiss"]
[EventRounds "9"]
[EventCountry "ESP"]
[SourceTitle "CBM 167 Extra"]
[Source "ChessBase"]
[SourceDate "2015.09.14"]
[SourceVersion "1"]
[SourceVersionDate "2015.09.14"]
[SourceQuality "1"]

1. e4 c5 2. Nf3 d6 3. d4 cxd4 4. Nxd4 Nf6 5. f3 e5 6. Nb3 Be6 7. c4 Nbd7 8. Be3 Nb6 9. Na3 Rc8 10. Rc1 Be7 11. Be2 0-0 12. Qd2 Nh5 13. g3 Bh3 14. Na5 Rb8 15. Nb5 a6 16. Nxd6 Qc7 17. c5 Nc8 18. Nac4 Rd8 19. Nxe5 Nxd6 20. cxd6 Qxd6 21. Qxd6 Bxd6 22. Nc4 Bb4+ 23. Kf2 b5 24. Ne5 Bd2 25. Rc2 Bxe3+ 26. Kxe3 Rb6 27. Rd1 Re8 28. Kf2 f5 29. Nd7 Rb7 30. e5 f4 31. g4 g5 32. Rcd2 Re7 33. Nc5 Rbc7 34. Rd8+ Kf7 35. e6+ Kg7 36. R1d7 Nf6 37. Rxc7 Rxc7 38. Rd7+ 1-0

[Event "Barcelona Sant Marti op-A 16th"]
[Site "Barcelona"]
[Date "2014.07.14"]
[Round "2"]
[White "Sanchez Lopez, Juan Manuel"]
[Black "Saiz Rodrigo, Josep Fernando"]
[Result "1-0"]
[WhiteElo "2141"]
[BlackElo "1917"]
[PlyCount "97"]
[EventDate "2014.07.13"]
[EventType "swiss"]
[EventRounds "9"]
[EventCountry "ESP"]
[SourceTitle "CBM 161 Extra"]
[Source "ChessBase"]
[SourceDate "2014.08.29"]
[SourceVersion "1"]
[SourceVersionDate "2014.08.29"]
[SourceQuality "1"]

1. c4 e5 2. Nc3 Nc6 3. g3 g6 4. Bg2 Bg7 5. e3 f5 6. d3 Nf6 7. Nge2 d6 8. 0-0 0-0 9. d4 Qe7 10. b3 Bd7 11. Bb2 g5 12. Nd5 Nxd5 13. cxd5 Nd8 14. dxe5 dxe5 15. Re1 Nf7 16. Qc1 Rac8 17. f4 Rfd8 18. Ba3 Qf6 19. fxg5 Nxg5 20. Qc4 Kh8 21. Rad1 Nf7 22. Qb4 Nd6 23. Bb2 Qg5 24. Bc1 Qh5 25. Bb2 b6 26. Nc1 a5 27. Qd2 Ne4 28. Qc2 Nd6 29. Nd3 Re8 30. a4 Ne4 31. Rf1 c6 32. d6 Re6 33. Bf3 Qg6 34. Ne1 Nxd6 35. Ba3 Be8 36. Ng2 c5 37. Nh4 Qg5 38. Bd5 Rf6 39. Bc1 Bh5 40. Bf3 Bf7 41. e4 f4 42. Ng2 Qg6 43. gxf4 exf4 44. Kh1 Qh6 45. e5 Nf5 46. Bxf4 Qg6 47. Be4 Be6 48. exf6 Bxf6 49. Rd6 1-0

[Event "Barcelona Sant Marti op-B 15th"]
[Site "Barcelona"]
[Date "2013.07.16"]
[Round "4"]
[White "Fuentes Barrientos, Carlos"]
[Black "Saiz Rodrigo, Josep Fernando"]
[Result "0-1"]
[WhiteElo "1792"]
[BlackElo "1950"]
[PlyCount "78"]
[EventDate "2013.07.13"]
[EventType "swiss"]
[EventRounds "9"]
[EventCountry "ESP"]
[SourceTitle "CBM 155 Extra"]
[Source "ChessBase"]
[SourceDate "2013.08.26"]
[SourceVersion "1"]
[SourceVersionDate "2013.08.26"]
[SourceQuality "1"]

1. e4 c5 2. Nf3 d6 3. d4 cxd4 4. Nxd4 Nf6 5. Nc3 a6 6. Be2 e5 7. Nb3 Be7 8. 0-0 0-0 9. Be3 Be6 10. f4 Qc7 11. f5 Bc4 12. Bxc4 Qxc4 13. Nd2 Qc6 14. g4 h6 15. h4 d5 16. exd5 Nxd5 17. Nxd5 Qxd5 18. g5 Bc5 19. Bxc5 Qxc5+ 20. Rf2 Rd8 21. Qe2 Nc6 22. Ne4 Qb6 23. c3 Ne7 24. f6 Ng6 25. gxh6 Nf4 26. Qg4 g6 27. h5 Nxh5 28. Kh2 Qe3 29. Rh1 Nf4 30. h7+ Kh8 31. Qh4 Qxe4 32. Qh6 Nh5 33. Qg5 Rd3 34. Rg1 Nf4 35. Rg3 Rad8 36. Qh6 Nh5 37. Rg5 Qh4+ 38. Kg1 Rd1+ 39. Kg2 Qh1# 0-1

[Event "Hospitalet op 4th"]
[Site "Hospitalet"]
[Date "2013.05.25"]
[Round "8"]
[White "Salazar Navas, Josep"]
[Black "Saiz Rodrigo, Josep Fernando"]
[Result "1-0"]
[WhiteElo "1770"]
[BlackElo "1977"]
[PlyCount "53"]
[EventDate "2013.04.06"]
[EventType "swiss"]
[EventRounds "8"]
[EventCountry "ESP"]
[SourceTitle "EXT 2014"]
[Source "ChessBase"]
[SourceDate "2013.11.20"]
[SourceVersion "1"]
[SourceVersionDate "2013.11.20"]
[SourceQuality "1"]

1. e4 c5 2. Nf3 d6 3. d4 cxd4 4. Nxd4 Nf6 5. Nc3 a6 6. Be2 e5 7. Nb3 Be7 8. 0-0 0-0 9. Be3 Be6 10. f4 Qc7 11. f5 Bc4 12. Bg5 Nbd7 13. Bxc4 Qxc4 14. Kh1 Rac8 15. Qd2 b5 16. a3 Qc7 17. g4 Qb7 18. Rae1 Rfe8 19. Bxf6 Nxf6 20. g5 Nd7 21. f6 gxf6 22. Nd5 Bf8 23. gxf6 Kh8 24. Rg1 Nb6 25. Qg5 Bh6 26. Qxh6 Rg8 27. Rg7 1-0

[Event "Barcelona Vila de Gracia op 6th"]
[Site "Barcelona"]
[Date "2012.11.30"]
[Round "9"]
[White "Molano Lafuente, Ismael"]
[Black "Saiz Rodrigo, Josep Fernando"]
[Result "0-1"]
[WhiteElo "2014"]
[BlackElo "1963"]
[PlyCount "56"]
[EventDate "2012.09.28"]
[EventType "swiss"]
[EventRounds "9"]
[EventCountry "ESP"]
[SourceTitle "EXT 2015"]
[Source "ChessBase"]
[SourceDate "2014.11.20"]
[SourceVersion "1"]
[SourceVersionDate "2014.11.20"]
[SourceQuality "1"]

1. e4 c5 2. Nf3 d6 3. d4 cxd4 4. Qxd4 Nc6 5. Bb5 Bd7 6. Bxc6 Bxc6 7. Nc3 Nf6 8. Bg5 Qa5 9. 0-0 Qc5 10. Bxf6 gxf6 11. Qxc5 dxc5 12. Nh4 e6 13. g3 Be7 14. Ng2 b5 15. f3 b4 16. Nd1 Rd8 17. Nde3 Bb5 18. Rf2 0-0 19. a4 Ba6 20. b3 Rd4 21. Nf4 Rfd8 22. Ne2 Rd2 23. Nf4 Rxf2 24. Kxf2 Rd2+ 25. Ke1 Rxh2 26. Rd1 f5 27. exf5 Bf6 28. Nd3 Bd4 0-1

[Event "Barcelona Catalunya op"]
[Site "Barcelona"]
[Date "2010.04.03"]
[Round "8"]
[White "Saiz Rodrigo, Josep Fernando"]
[Black "Rios Parra, Alejandro"]
[Result "0-1"]
[WhiteElo "1999"]
[BlackElo "2284"]
[PlyCount "116"]
[EventDate "2010.03.27"]
[EventType "swiss"]
[EventRounds "9"]
[EventCountry "ESP"]
[SourceTitle "CBM 135 Extra"]
[Source "ChessBase"]
[SourceDate "2010.05.04"]
[SourceVersion "1"]
[SourceVersionDate "2010.05.04"]
[SourceQuality "1"]

1. e4 e5 2. Nc3 Nc6 3. g3 Bc5 4. Bg2 a6 5. Nge2 d6 6. h3 Be6 7. 0-0 Qd7 8. Kh2 f6 9. d3 Nge7 10. Nd5 0-0 11. f4 Ba7 12. f5 Bf7 13. c3 Nxd5 14. exd5 Ne7 15. Qb3 c6 16. dxc6 bxc6 17. Qa4 d5 18. g4 a5 19. Ng3 Bb6 20. Bd2 Rab8 21. Rae1 Bc7 22. Qc2 Rfd8 23. h4 c5 24. g5 Kh8 25. Bh3 Qd6 26. Re2 Be8 27. gxf6 gxf6 28. Bg4 Bd7 29. Nh5 Rg8 30. Bh3 Be8 31. Ng3 Bc6 32. Nh5 Be8 33. Ng3 Bf7 34. Rg2 Qa6 35. Bh6 e4 36. c4 exd3 37. Qxd3 Qxc4 38. Qxc4 dxc4 39. Bf4 Bxf4 40. Rxf4 Nc6 41. Rff2 Bd5 42. Rg1 Ne5 43. Rgf1 Nd3 44. Re2 Rxb2 45. Rxb2 Nxb2 46. Nh5 Rf8 47. Rc1 Nd3 48. Rc3 Ne5 49. Bf1 Nf3+ 50. Kg3 Nd2 51. Rc1 c3 52. a3 Nxf1+ 53. Rxf1 c2 54. Kf2 Bb3 55. Ng3 Rd8 56. Rc1 Rd1 57. Ne2 h5 58. Kg3 Kg8 0-1

[Event "Sant Boi de Llobregat op 21st"]
[Site "Sant Boi de Llobregat"]
[Date "2009.06.12"]
[Round "7.10"]
[White "Avramov, Petkov Plamen"]
[Black "Saiz Rodrigo, Josep Fernando"]
[Result "0-1"]
[WhiteElo "1875"]
[BlackElo "2000"]
[PlyCount "95"]
[EventDate "2009.04.24"]
[EventType "swiss"]
[EventRounds "8"]
[EventCountry "ESP"]
[SourceTitle "EXT 2024"]
[Source "ChessBase"]
[SourceDate "2023.10.10"]
[SourceVersion "1"]
[SourceVersionDate "2023.10.10"]
[SourceQuality "1"]

1. d4 Nf6 2. c4 c5 3. d5 b5 4. cxb5 a6 5. Nc3 axb5 6. Nxb5 Ba6 7. Nc3 d6 8. g3 g6 9. Bg2 Bg7 10. e4 Nbd7 11. Nf3 0-0 12. Bf1 Bxf1 13. Kxf1 Qa5 14. h3 Rfb8 15. Qc2 Qb4 16. a3 Qb7 17. Kg2 Nb6 18. Re1 Nfd7 19. Nd2 Ne5 20. f4 Nec4 21. Nxc4 Nxc4 22. Re2 Qb3 23. Qxb3 Rxb3 24. Nd1 Rab8 25. Ra2 Nb6 26. Re3 Na4 27. Re2 Bd4 28. Rc2 Rd3 29. Nf2 Bxf2 30. Kxf2 Rbb3 31. Rc4 Rf3+ 32. Ke2 Nb6 33. Rc3 Rbxc3 34. bxc3 Rxg3 35. Be3 Na4 36. Rc2 Rxh3 37. e5 Rh1 38. Rc1 Rxc1 39. Bxc1 Nxc3+ 40. Kd3 Nxd5 41. Kc4 Nc7 42. Bd2 h5 43. exd6 exd6 44. f5 Kf8 45. Bg5 Ne8 46. Bd8 f6 47. fxg6 h4 48. Ba5 0-1